02315nam a2200193Ia 4500008004100000020002200041020001900063050001900082100004400101245006200145250001700207260005200224300004400276500007900320504003100399505165800430650001302088650002002101120625s2008 mx a 000 0 spa d a13: 9789701063811 a10: 970106381304aR129 bH5 2008 aHigashida Hirose, Bertha Yoshikoeautor aCiencias de la salud c / Bertha Yoshiko Higashida Hirose a6a edición aMéxicob : McGraw-Hill Interamericanac, 2008 aviii, 434 páginasb : ilustraciones  aIncluye: mapas conceptuales (pp. 398-425) Incluye: glosario (pp. 426-428) aBibliografia (pp. 429-434) aEl hombre, producto de la evolución, como unidad biopsicosocial Conceptos de salud y enfermedad La medicina como ciencia natural y ciencia social, Aspectos multidisciplinario de las Ciencias de la Salud Factores ecológicos de la salud y la enfermedad Mecanismos de defensa e inmunidad Historia natural de la enfermedad (génesis y evolución natural de la enfermedad) y niveles de prevención Enfermedad transmisible Invalidez Anatomía y fisiología: introducción Sistema óseo, osteología Sindesmología o artrología Sistema muscular, miología Sistema nervioso órganos de los sentidos y la piel Sistema endocrino Sistema digestivo Sistema circulatorio o angiológico Sistema respiratorio Sistema urinario Sistema reproductor femenino y masculino Elementos sexuales, fecundación y nidación Formación de la placenta y desarrollo embrionario Embarazo, modificaciones maternas Embarazo gemelar Problemas durante la gestación Parto Constitución psíquica del individuo El hombre como individuo social Crecimiento y desarrollo del niño Adolescencia, edad adulta, climaterio y tercera edad Estadística médica Demografía Epidemiología Método clínico Exámenes de laboratorio y de gabinete La práctica médica en México Diagnóstico de la salud en México Higiene, salud pública y medicina preventiva Higiene personal Nutrición y problemas de la nutrición Higiene materno- infantil Educación sexual Higiene mental Higiene familiar Higiene de la comunidad Enfermedades más frecuentes Problemas sociales  0aMEDICINA 0aSALUD PÚBLICA